00267nam a22001217a 4500003000400000020001800004082001800022100002000040245003700060250000800097260003300105300000700138SGT a9786206781899 a617.601bR23K aKhurana, Charu  aRole of Genetics in Oral Health  a1st bLambert Academic Pub. c2023 a43